[Event "POL-chT3"]
[Site "Jastrzebia Gora POL"]
[Date "2016.09.08"]
[Round "6.53"]
[White "Watorek, Marcin"]
[Black "Tustanowski, Mateusz"]
[Result "1/2-1/2"]
[WhiteElo "2111"]
[BlackElo "1921"]
[EventDate "2016.09.02"]

1.d4 d5 2.c4 e6 3.Nc3 Nf6 4.Bg5 Be7 5.e3 h6 6.Bh4 O-O 7.Nf3 b6 8.Qc2 Bb7 
9.Bxf6 Bxf6 10.cxd5 exd5 11.O-O-O c5 12.g4 Nc6 13.h4 cxd4 14.exd4 Bc8 15.
Bh3 Bxh4 16.Kb1 Bg5 17.Nxg5 Qxg5 18.f4 Qg6 19.f5 Qg5 20.Rhg1 Bb7 21.Bg2 
Rad8 22.Qf2 Rd6 23.Bf3 Re8 24.Bxd5 Red8 25.Ne4 Qe7 26.Nxd6 Rxd6 27.Bh1 Nb4
28.Rge1 Qd7 29.Bxb7 Qxb7 30.a3 Nd5 31.Re8+ Kh7 32.g5 hxg5 33.f6 Rxf6 34.
Rh1+ Kg6 35.Qh2 Rf4 36.Qh7+ Kf6 37.Re5 Ne7 38.Qh5 Rf5 39.Rg1 Rxe5 40.dxe5+
Ke6 41.Qg4+ Nf5 42.Re1 Qd5 43.Qa4 Qd7 44.Qc4+ Qd5 45.Qc8+ Qd7 46.Qc4+ Qd5 
47.Qc8+ Qd7 48.Qc4+ Ke7 49.Qb4+ Ke8 50.Qa4 Ke7 51.Ka1 Qd3 52.Qxa7+ 1/2-1/2

[Event "POL-chT3"]
[Site "Jastrzebia Gora POL"]
[Date "2016.09.08"]
[Round "6.54"]
[White "Buksa, Ewelina"]
[Black "Chrzaszcz, Malvina"]
[Result "0-1"]
[WhiteElo "1684"]
[BlackElo "2050"]
[EventDate "2016.09.02"]

1.e4 c5 2.Be2 e5 3.Nf3 Nc6 4.O-O Nf6 5.Nc3 Be7 6.b3 O-O 7.Bb2 d5 8.Nxd5 
Nxd5 9.exd5 Qxd5 10.Bc4 Qd6 11.Re1 Bf6 12.h3 e4 13.Bxf6 exf3 14.Bc3 fxg2 
15.Kxg2 Nd4 16.Bxd4 cxd4 17.Qf3 Be6 18.Bd3 Kh8 19.Be4 Rac8 20.Qg3 Qb6 21.
Kh2 f5 22.Rg1 Rc7 23.Bd3 Rf6 24.Qf4 h6 25.Rae1 g5 26.Qe5 Rf7 27.a4 Qc6 28.
Qxd4 Kg7 29.Bb5 Qc7+ 30.Qe5 Qxc2 31.Qd4 Qxb3 32.Re3 Qd5 33.Qc3 a6 34.Rxe6 
Qxe6 35.Bc4 Qd6+ 36.Kh1 Rc7 37.Qb3 Qxd2 38.Kg2 Rd6 39.Bg8 Rd3 40.Qe6 Qf4 
41.Re1 Rd2 42.Rf1 Qe4+ 43.Kg1 Qxe6 44.Bxe6 Kf6 45.Bb3 Rc3 0-1

[Event "POL-chT3"]
[Site "Jastrzebia Gora POL"]
[Date "2016.09.08"]
[Round "6.55"]
[White "Shkapenko, Pavel"]
[Black "Brzezinski, Mateusz"]
[Result "1-0"]
[WhiteElo "2418"]
[BlackElo "2144"]
[EventDate "2016.09.02"]

1.e4 e5 2.Nf3 Nc6 3.Bc4 Bc5 4.c3 Nf6 5.d4 exd4 6.cxd4 Bb4+ 7.Bd2 Bxd2+ 8.
Nbxd2 d5 9.exd5 Nxd5 10.O-O O-O 11.Rc1 Nb6 12.Bb3 Bg4 13.h3 Bxf3 14.Nxf3 
Qf6 15.Re1 Rad8 16.Qe2 Rd7 17.Ne5 Re7 18.Rxc6 bxc6 19.Ng4 Rxe2 20.Nxf6+ 
gxf6 21.Rxe2 Nd5 22.Rc2 Ne7 23.d5 Rd8 24.dxc6 Rd4 25.Kf1 Kf8 26.Rc5 Rd6 
27.Ba4 Rd2 28.Bc2 f5 29.Ke1 Rd6 30.Bxf5 Nxf5 31.Rxf5 Rxc6 32.Kd2 Kg7 33.
Rf3 Ra6 34.a3 Rb6 35.b4 Rb5 36.Rc3 Rd5+ 37.Kc2 Rd7 38.Rc6 Re7 39.Kd2 Rd7+ 
40.Ke2 Re7+ 41.Kf3 a5 42.bxa5 Re5 43.Rxc7 Rxa5 44.Rc3 Ra4 45.Ke3 h5 46.Kd2
Re4 47.Rc2 1-0

[Event "POL-chT3"]
[Site "Jastrzebia Gora POL"]
[Date "2016.09.08"]
[Round "6.56"]
[White "Kujawski, Adam"]
[Black "Bartel, Michal"]
[Result "0-1"]
[WhiteElo "2296"]
[BlackElo "2375"]
[EventDate "2016.09.02"]

1.e4 e5 2.Nf3 Nc6 3.Bb5 a6 4.Ba4 Nf6 5.O-O Be7 6.Re1 b5 7.Bb3 d6 8.c3 O-O 
9.d4 Bg4 10.Be3 Bh5 11.h3 exd4 12.cxd4 d5 13.exd5 Nxd5 14.Nc3 Nxe3 15.fxe3
Na5 16.Rc1 Re8 17.g4 Bg6 18.Ne5 Nxb3 19.Qxb3 Bd6 20.Nxg6 hxg6 21.Rf1 Rxe3 
22.Qxf7+ Kh7 23.Rf3 Qg5 24.Rcf1 Rf8 25.Qxf8 Bxf8 26.Rxf8 Rxh3 27.R8f4 Rg3+
0-1

[Event "POL-chT3"]
[Site "Jastrzebia Gora POL"]
[Date "2016.09.08"]
[Round "6.57"]
[White "Mickiewicz, Piotr"]
[Black "Gralka, Przemyslaw"]
[Result "1-0"]
[WhiteElo "2331"]
[BlackElo "2283"]
[EventDate "2016.09.02"]

1.e4 c6 2.Nc3 d5 3.d4 dxe4 4.Nxe4 Bf5 5.Ng3 Bg6 6.h4 h6 7.Nf3 Nd7 8.h5 Bh7
9.Bd3 Bxd3 10.Qxd3 Qc7 11.Bd2 e6 12.O-O-O Ngf6 13.Ne4 O-O-O 14.g3 Nxe4 15.
Qxe4 Nf6 16.Qe2 Bd6 17.c4 c5 18.Kb1 cxd4 19.Nxd4 a6 20.Nb3 Qc6 21.Rhe1 e5 
22.Na5 Qd7 23.Ka1 Bc7 24.Bc3 Qg4 25.f3 Rxd1+ 26.Rxd1 Qxg3 27.c5 Rd8 28.Rf1
Rd5 29.Nxb7 Kxb7 30.c6+ Ka7 31.Be1 Qh3 32.Bf2+ Bb6 33.Rc1 Qc8 34.Bxb6+ 
Kxb6 35.Qe3+ Kc7 36.Qa7+ Kd6 37.Qxf7 Qc7 38.Qf8+ Ke6 39.Qa8 a5 40.Qf8 Rd6 
41.Qa8 Kf7 42.a3 Nxh5 43.Qb7 Qxb7 44.cxb7 Rb6 45.Rc7+ Kg8 46.Rc8+ Kf7 47.
b8=Q Rxb8 48.Rxb8 g5 49.b4 axb4 50.Rxb4 Nf6 51.a4 e4 52.a5 exf3 53.a6 Nd5 
54.a7 Nxb4 55.a8=Q Nc2+ 56.Kb1 Ne1 57.Qe4 Ng2 58.Qxf3+ Nf4 59.Qc6 Kg7 60.
Kc2 h5 61.Kd2 Ng6 62.Ke3 Ne5 63.Qc3 1-0

[Event "POL-chT3"]
[Site "Jastrzebia Gora POL"]
[Date "2016.09.08"]
[Round "6.58"]
[White "Mazalon, Mariusz"]
[Black "Kalinowski, Roman"]
[Result "1/2-1/2"]
[WhiteElo "2063"]
[BlackElo "2162"]
[EventDate "2016.09.02"]

1.d4 d5 2.c4 e6 3.Nf3 c6 4.Qc2 Nf6 5.g3 Nbd7 6.Bg2 Bb4+ 7.Bd2 Bxd2+ 8.
Nbxd2 Qe7 9.O-O O-O 10.e4 Nxe4 11.Nxe4 dxe4 12.Qxe4 Rd8 13.Rfd1 Qb4 14.Qc2
Nf6 15.Ne5 Bd7 16.c5 Qa5 17.b4 Qc7 18.a4 a5 19.bxa5 Rxa5 20.Nc4 Ra7 21.
Rab1 Bc8 22.a5 Qe7 23.f4 g6 24.Rb3 Ne8 25.g4 e5 26.fxe5 Bxg4 27.Rd2 Be6 
28.Ra3 Bxc4 29.Qxc4 Nc7 30.Rf2 Ne6 31.d5 Qxc5 32.Qxc5 Nxc5 33.dxc6 Rd1+ 
34.Rf1 Rxf1+ 35.Kxf1 bxc6 36.Bxc6 Kf8 37.Ke2 Ke7 38.Ke3 f6 39.exf6+ Kxf6 
40.Kd4 Rxa5 41.Rxa5 Nb3+ 42.Ke4 Nxa5 43.Bd5 h6 1/2-1/2

[Event "POL-chT3"]
[Site "Jastrzebia Gora POL"]
[Date "2016.09.08"]
[Round "6.59"]
[White "Czajkowski, Adam"]
[Black "Wisniewski, Adam"]
[Result "1-0"]
[WhiteElo "2260"]
[BlackElo "1915"]
[EventDate "2016.09.02"]

1.e4 e6 2.Nf3 d5 3.Nc3 Nf6 4.e5 Nfd7 5.d4 c5 6.dxc5 Nc6 7.Bf4 Bxc5 8.Bd3 
a6 9.Qe2 Nd4 10.Nxd4 Bxd4 11.O-O Qc7 12.Rae1 Bxc3 13.bxc3 Nc5 14.Qg4 Nxd3 
15.Qxg7 Nxf4 16.Qxh8+ Kd7 17.Qxh7 Kc6 18.h4 Qe7 19.g3 Ng6 20.h5 Nf8 21.Qg7
Bd7 22.Re3 Be8 23.Kg2 Kb6 24.Rd1 Rc8 25.Rd4 Rc4 26.h6 Qc5 27.h7 Ng6 28.
Qxg6 fxg6 29.h8=Q Bc6 30.Qd8+ Ka7 31.Qd6 Rxc3 32.Qxc5+ Rxc5 33.c3 Ra5 34.
Re2 Ra3 35.Rc2 Ba4 36.Rcd2 Bc6 37.Kh3 Rxc3 38.Kg4 b5 39.Kg5 a5 40.Kxg6 
Be8+ 41.Kf6 Rc6 42.Rh4 Kb6 43.Rh8 Bd7 44.g4 Rc4 45.g5 Rf4+ 46.Ke7 Bc6 47.
g6 Rg4 48.Kf6 Rf4+ 49.Kxe6 Rg4 50.Kf6 d4 51.g7 Bd5 52.e6 1-0

[Event "POL-chT3"]
[Site "Jastrzebia Gora POL"]
[Date "2016.09.08"]
[Round "6.60"]
[White "Mackiewicz, Anna"]
[Black "Sosnowska, Elzbieta"]
[Result "1-0"]
[WhiteElo "1943"]
[BlackElo "1867"]
[EventDate "2016.09.02"]

1.d4 d5 2.c4 e6 3.Nc3 c5 4.cxd5 exd5 5.dxc5 d4 6.Na4 Bxc5 7.Nxc5 Qa5+ 8.
Qd2 Qxc5 9.e3 Nc6 10.Nf3 dxe3 11.Qxe3+ Qxe3+ 12.Bxe3 Nge7 13.Bc4 O-O 14.h3
Nf5 15.O-O Nxe3 16.fxe3 h6 17.Rad1 Rb8 18.Bb3 b5 19.Bd5 Nd8 20.Ne5 Rb6 21.
Nxf7 Nxf7 22.Bxf7+ Kh8 23.Bb3 Rxf1+ 24.Rxf1 Be6 25.Rf8+ Kh7 26.Bc2+ g6 27.
Rf6 Bg8 28.Bxg6+ Kg7 29.Rxb6 axb6 30.Bb1 Kf6 31.Kf2 Ke5 32.g4 b4 33.b3 Bd5
34.h4 Be6 35.Kg3 Bf7 36.h5 Kf6 37.Kf4 Be6 38.Bf5 Bf7 39.e4 Be8 40.e5+ Kg7 
41.Ke4 Bc6+ 42.Kd4 Kf7 43.Kc4 1-0

[Event "POL-chT3"]
[Site "Jastrzebia Gora POL"]
[Date "2016.09.08"]
[Round "6.61"]
[White "Walter, Szymon"]
[Black "Sapis, Witalis"]
[Result "1/2-1/2"]
[WhiteElo "2261"]
[BlackElo "2389"]
[EventDate "2016.09.02"]

1.e4 d5 2.exd5 Nf6 3.d4 Nxd5 4.Nf3 g6 5.c4 Nb6 6.h3 Bg7 7.Nc3 O-O 8.Be3 
Nc6 9.Qd2 e5 10.d5 Na5 11.b3 e4 12.Nd4 c5 13.Nc2 Nd7 14.Be2 f5 15.Bf4 Ne5 
16.h4 Bd7 17.h5 Nf7 18.hxg6 hxg6 19.Rd1 Qf6 20.Nb5 Bxb5 21.Qxa5 Qc3+ 22.
Qxc3 Bxc3+ 23.Bd2 Bxd2+ 24.Kxd2 Bd7 25.f4 exf3 26.gxf3 Kg7 27.Rdg1 Rh8 28.
Ne1 b6 29.Nd3 Kf6 30.f4 Rxh1 31.Rxh1 Rh8 32.Rxh8 1/2-1/2

[Event "POL-chT3"]
[Site "Jastrzebia Gora POL"]
[Date "2016.09.08"]
[Round "6.62"]
[White "Karwowski, Kacper"]
[Black "Dzierzak, Radoslaw"]
[Result "1/2-1/2"]
[WhiteElo "2245"]
[BlackElo "2204"]
[EventDate "2016.09.02"]

1.e4 c5 2.Nf3 Nc6 3.d4 cxd4 4.Nxd4 e6 5.Nc3 Qc7 6.Be3 a6 7.Bd3 Nf6 8.O-O 
Nxd4 9.Bxd4 Bc5 10.Bxc5 Qxc5 11.Na4 Qc7 12.c4 d6 13.Rc1 b6 14.Qe2 O-O 15.
Rfd1 Bd7 16.Nc3 Rfd8 17.Kh1 Qb7 18.b4 a5 19.b5 e5 20.Nd5 Nxd5 21.cxd5 Rac8
22.a4 Rxc1 23.Rxc1 Rc8 24.Rxc8+ Qxc8 25.Qc2 Qxc2 26.Bxc2 g5 27.f3 g4 28.
Kg1 gxf3 29.gxf3 f5 30.Kf2 fxe4 31.fxe4 Bg4 32.Kg3 Be2 33.Kh4 Kg7 34.Kg3 
Kg6 35.Kf2 Bg4 36.Kg3 Kg5 37.Bb3 Be2 38.Bc2 Kh5 39.Kf2 Bg4 40.Kg3 Kg5 41.
Bb3 h6 42.Bc2 Be2 43.Kf2 Bh5 44.Kg3 Bg4 45.Bb3 Be2 46.Bc2 Kg6 47.Kf2 Bg4 
48.Kg3 Kh5 49.Bb3 Be2 50.Bc2 Bf1 51.Kf2 Bh3 52.Kg3 Bg4 53.Bb3 Kg5 54.Bc2 
Bh5 55.Bb3 Be2 56.Bc2 Bf1 57.Kf2 Bc4 58.Kg3 Ba2 59.h4+ Kg6 60.Bd1 Bb1 61.
Kf3 Kh5 62.Kg3+ Kg6 63.Kf3 Bd3 64.Ke3 Bc4 65.Kd2 Bf1 66.Ke3 Bg2 67.Be2 Bh3
1/2-1/2

[Event "POL-chT3"]
[Site "Jastrzebia Gora POL"]
[Date "2016.09.08"]
[Round "6.63"]
[White "Kastelik, Adrian"]
[Black "Rudnicki, Milosz"]
[Result "1/2-1/2"]
[WhiteElo "2114"]
[BlackElo "2199"]
[EventDate "2016.09.02"]

1.e4 c5 2.c3 d5 3.exd5 Qxd5 4.d4 Nc6 5.Nf3 Bg4 6.Be2 cxd4 7.cxd4 e6 8.Nc3 
Qa5 9.O-O Nf6 10.Be3 Be7 11.h3 Bh5 12.Qb3 Qb4 13.Qxb4 Bxb4 14.a3 Bd6 15.
Rfd1 Nd5 16.Nxd5 exd5 17.g4 Bg6 18.Bb5 f6 19.Rac1 Kd7 20.Nh4 a6 21.Ba4 
Rac8 22.Bb3 Ne7 23.Ng2 Rxc1 24.Rxc1 Rc8 25.Rxc8 Kxc8 26.Bf4 Kd7 27.f3 h5 
28.Kf2 hxg4 29.hxg4 Bf7 30.Ke3 g5 31.Bxd6 Kxd6 32.Bc2 Be6 33.Bd1 f5 34.f4 
gxf4+ 35.Nxf4 fxg4 36.Nxe6 Kxe6 37.Bxg4+ Kd6 38.Kd3 b6 39.Kc3 a5 40.b4 
axb4+ 41.Kxb4 Nc6+ 42.Kc3 Na7 43.a4 Nc6 44.Bf5 Nb8 45.Bd3 Nc6 46.Bf5 Nd8 
47.Kb4 Nc6+ 1/2-1/2

[Event "POL-chT3"]
[Site "Jastrzebia Gora POL"]
[Date "2016.09.08"]
[Round "6.64"]
[White "Kowalski, Maciej"]
[Black "Mucha, Piotr"]
[Result "0-1"]
[WhiteElo "2021"]
[BlackElo "2161"]
[EventDate "2016.09.02"]

1.f4 e5 2.fxe5 d6 3.exd6 Bxd6 4.Nf3 Bg4 5.e3 Nf6 6.Nc3 a6 7.Be2 Nc6 8.O-O 
Qe7 9.Nd4 Qe5 10.g3 Nxd4 11.Bxg4 h5 12.Bf3 Nxf3+ 13.Qxf3 h4 14.d4 Qe6 15.
e4 hxg3 16.e5 O-O-O 17.hxg3 Rh3 18.exd6 Rdh8 19.Bf4 Rh1+ 20.Qxh1 Rxh1+ 21.
Kxh1 g5 22.Be5 Qh3+ 23.Kg1 Ng4 24.Rxf7 Qh2+ 25.Kf1 Ne3+ 26.Ke1 Nxc2+ 27.
Kf1 cxd6 28.Rc1 Qh1+ 29.Kf2 Qxc1 30.Bxd6 Qe1+ 31.Kg2 Ne3+ 32.Kh2 Qd2+ 0-1

[Event "POL-chT3"]
[Site "Jastrzebia Gora POL"]
[Date "2016.09.08"]
[Round "6.65"]
[White "Faron, Rafal"]
[Black "Wacior, Maciej"]
[Result "1-0"]
[WhiteElo "2062"]
[BlackElo "1986"]
[EventDate "2016.09.02"]

1.d4 d5 2.c4 e6 3.Nf3 c6 4.e3 Nf6 5.Bd3 Be7 6.O-O O-O 7.Nc3 Nbd7 8.e4 dxe4
9.Nxe4 c5 10.Nxc5 Nxc5 11.dxc5 Bxc5 12.b3 b6 13.Bb2 Bb7 14.Ng5 g6 15.Bc2 
Nh5 16.Qxh5 1-0

[Event "POL-chT3"]
[Site "Jastrzebia Gora POL"]
[Date "2016.09.08"]
[Round "6.66"]
[White "Antolak, Julia"]
[Black "Binkowska, Agata"]
[Result "1-0"]
[WhiteElo "2133"]
[BlackElo "1776"]
[EventDate "2016.09.02"]

1.e4 e6 2.d4 d5 3.Nd2 Nf6 4.e5 Nfd7 5.Bd3 c5 6.c3 Nc6 7.Ne2 cxd4 8.cxd4 f6
9.exf6 Nxf6 10.O-O Bd6 11.Nf3 Qc7 12.Bg5 O-O 13.Bh4 Nh5 14.Qc2 h6 15.Bh7+ 
Kh8 16.Bg6 Rxf3 17.Bxh5 Rf8 18.Bg3 Bxg3 19.hxg3 e5 20.dxe5 Bf5 21.Qd2 Qxe5
22.Bf3 Rad8 23.Rad1 Rf6 24.Nf4 d4 25.Rfe1 Qc5 26.g4 Bc8 27.Nd3 Qd6 28.Re4 
Rdf8 29.Rde1 Be6 30.g5 hxg5 31.Qxg5 Rh6 32.Qxh6+ gxh6 33.Rxe6 Qc7 34.Rxh6+
Kg7 35.Ree6 Ne7 36.Be4 Rh8 37.Rhf6 Qc2 38.Ne1 Qc1 39.Bd3 Rh5 40.Rf3 Qc7 
41.Re4 Qc5 42.Rg4+ 1-0

[Event "POL-chT3"]
[Site "Jastrzebia Gora POL"]
[Date "2016.09.08"]
[Round "6.67"]
[White "Chojnacki, Slawomir"]
[Black "Tomaszewski, Kacper"]
[Result "1/2-1/2"]
[WhiteElo "2255"]
[BlackElo "2185"]
[EventDate "2016.09.02"]

1.d4 Nf6 2.Bf4 g6 3.Nd2 d5 4.c3 Bg7 5.Ngf3 O-O 6.h3 c5 7.e3 Nc6 8.Ne5 Nd7 
9.Nxd7 Qxd7 10.dxc5 e5 11.Bh2 a5 12.Qa4 Qe7 13.Nb3 Bd7 14.Bb5 Qg5 15.Bg3 
Rfe8 16.O-O h5 17.Rad1 Be6 18.Bh4 Qh6 19.f4 f6 20.Bxc6 bxc6 21.Nxa5 g5 22.
Bf2 gxf4 23.exf4 exf4 24.Qxc6 f3 25.Rfe1 Qg6 26.g3 Qf5 27.g4 hxg4 28.Rxe6 
Qxe6 29.Qxe6+ Rxe6 30.b4 f5 31.a3 Be5 32.hxg4 fxg4 33.Rxd5 Kh7 34.Nc4 Bxc3
35.Rd3 Be1 36.Ne3 Bxf2+ 37.Kxf2 Rg8 38.Rd4 Reg6 39.Kg3 Rf8 40.Rxg4 Re6 41.
Nf1 Re1 42.Kf2 Re2+ 43.Kg1 Ra2 44.c6 1/2-1/2

[Event "POL-chT3"]
[Site "Jastrzebia Gora POL"]
[Date "2016.09.08"]
[Round "6.68"]
[White "Smolka, Marcin"]
[Black "Maciol, Ryszard"]
[Result "1/2-1/2"]
[WhiteElo "2184"]
[BlackElo "2130"]
[EventDate "2016.09.02"]

1.Nf3 Nf6 2.c4 e6 3.d4 d5 4.Nc3 c6 5.e3 Bb4 6.Qb3 Qe7 7.Bd3 Nbd7 8.O-O O-O
9.Bd2 a5 10.a3 Bd6 11.e4 dxc4 12.Bxc4 e5 13.d5 cxd5 14.Bxd5 Nc5 15.Qc2 Bg4
16.Ne1 Rfc8 17.Bg5 h6 18.Bxf6 Qxf6 19.Nd3 Rab8 20.Nxc5 Bxc5 21.Qd3 Bd4 22.
Rab1 Bd7 23.Ne2 Bc5 24.b4 axb4 25.axb4 Bb6 26.Kh1 Be6 27.f4 Bxd5 28.Qxd5 
Rd8 29.Qb3 Rd2 30.fxe5 Qe7 31.Ng3 Rbd8 32.Rf3 Qe6 33.Qxe6 fxe6 34.Nh5 Rd1+
35.Rf1 Rxb1 36.Rxb1 Rd4 37.Nf4 Rxe4 38.Nxe6 Rxe5 39.Nc5 Bxc5 40.bxc5 Rxc5 
41.h3 b5 42.Ra1 Kf7 43.Ra6 h5 44.Kh2 h4 45.Rb6 Rg5 46.g3 hxg3+ 47.Kg2 g6 
48.h4 Rc5 49.Kxg3 Kg7 50.Kg4 Kh6 51.Rb7 Rc4+ 52.Kg3 Rb4 53.Kh3 Rb1 54.Kg3 
b4 55.Kh3 b3 56.Kg3 Rb2 57.Kh3 Rb1 58.Kg3 b2 59.Kg2 Kh5 60.Rb4 Re1 61.Rxb2
Kxh4 62.Rb4+ Kh5 63.Rb2 g5 64.Ra2 Re3 65.Ra4 g4 66.Ra8 1/2-1/2

[Event "POL-chT3"]
[Site "Jastrzebia Gora POL"]
[Date "2016.09.08"]
[Round "6.69"]
[White "Fudalej, Michal"]
[Black "Wolynski, Krzysztof"]
[Result "1-0"]
[WhiteElo "2211"]
[BlackElo "2065"]
[EventDate "2016.09.02"]

1.e4 c5 2.Nc3 Nc6 3.Bb5 a6 4.Bxc6 bxc6 5.f4 g6 6.d3 Bg7 7.Nf3 Rb8 8.O-O d6
9.Qe1 Bg4 10.Nd2 Bc8 11.e5 dxe5 12.Nc4 Nf6 13.fxe5 Ng4 14.h3 Qd4+ 15.Kh1 
h5 16.Rf4 Qd8 17.hxg4 hxg4+ 18.Kg1 Be6 19.Re4 Bf5 20.Re2 Be6 21.Qf2 Rh5 
22.Qxc5 Kd7 23.Qd4+ Kc7 24.Qxd8+ Rxd8 25.Bf4 Bxc4 26.dxc4 Rd4 27.Bg3 e6 
28.Rf1 Rf5 29.b3 Bf8 30.Rxf5 gxf5 31.Bf2 Rd8 32.g3 Bb4 33.Be1 Rf8 34.Nd5+ 
exd5 35.Bxb4 Re8 36.cxd5 cxd5 37.Kf2 Kd7 38.Rd2 Ke6 39.c4 dxc4 40.bxc4 Rc8
41.Rd6+ Kxe5 42.c5 f4 43.Bc3+ Ke4 44.Rd4+ Kf5 45.Rxf4+ Kg5 46.Bd2 Rc6 47.
Be3 1-0

[Event "POL-chT3"]
[Site "Jastrzebia Gora POL"]
[Date "2016.09.08"]
[Round "6.70"]
[White "Klementowski, Dawid"]
[Black "Rzepka, Krzysztof"]
[Result "1-0"]
[WhiteElo "1928"]
[BlackElo "2136"]
[EventDate "2016.09.02"]

1.c4 g6 2.g3 Bg7 3.Bg2 d6 4.Nc3 Nf6 5.d3 O-O 6.e3 c6 7.Nge2 a5 8.O-O Na6 
9.Rb1 Bd7 10.a3 Rb8 11.b4 axb4 12.axb4 b5 13.cxb5 cxb5 14.Qb3 Qb6 15.Bd2 
Nc7 16.e4 e5 17.Be3 Qb7 18.h3 Be6 19.Qb2 d5 20.exd5 Ncxd5 21.Bc5 Rfd8 22.
Ne4 Ne8 23.Ra1 Ra8 24.d4 Qd7 25.Rxa8 Rxa8 26.Ng5 exd4 27.Bxd4 Bf8 28.Nxe6 
fxe6 29.Nc3 Nec7 30.Ne4 Re8 31.Nc5 Qf7 32.Re1 Qf5 33.Qb3 Bd6 34.Kh2 Re7 
35.f4 Nxf4 36.Rf1 Qg5 37.gxf4 Bxf4+ 38.Kh1 h5 39.Ne4 Qf5 40.Nf6+ Kf7 41.
Be4 1-0

[Event "POL-chT3"]
[Site "Jastrzebia Gora POL"]
[Date "2016.09.08"]
[Round "6.71"]
[White "Piotrowski, Przemyslaw"]
[Black "Cieslak, Patrycjusz"]
[Result "1-0"]
[WhiteElo "2252"]
[BlackElo "1919"]
[EventDate "2016.09.02"]

1.e4 d5 2.exd5 Nf6 3.Nc3 Nxd5 4.Bc4 Nb6 5.Bb3 c5 6.d3 Nc6 7.Nf3 e6 8.O-O 
Be7 9.Bf4 O-O 10.Re1 Bf6 11.Ne4 Bxb2 12.Rb1 Bf6 13.Bd6 Be7 14.Bxc5 Bxc5 
15.Nxc5 Nd5 16.Qd2 b6 17.Ba4 Qc7 18.Ne4 Ba6 19.Qg5 h6 20.Qh4 Rad8 21.Bxc6 
Qxc6 22.c4 Nc7 23.Ne5 Qe8 24.Nf6+ gxf6 25.Re3 fxe5 26.Qxh6 1-0

[Event "POL-chT3"]
[Site "Jastrzebia Gora POL"]
[Date "2016.09.08"]
[Round "6.72"]
[White "Dziodzio, Angelika"]
[Black "Dadello, Aleksandra"]
[Result "1-0"]
[WhiteElo "2064"]
[BlackElo "2005"]
[EventDate "2016.09.02"]

1.c4 e5 2.g3 Nf6 3.Bg2 c6 4.e4 Bc5 5.Nc3 d6 6.Nf3 Bg4 7.h3 Be6 8.d3 Nbd7 
9.a3 a5 10.O-O O-O 11.Rb1 d5 12.b4 axb4 13.axb4 Ba7 14.Ng5 dxc4 15.Nxe6 
fxe6 16.dxc4 Qe8 17.Qc2 Bd4 18.c5 Nh5 19.Ne2 Qg6 20.Rb3 Rf7 21.Qc4 Raf8 
22.Nxd4 exd4 23.Qxd4 e5 24.Qc4 Kh8 25.Rd3 Nhf6 26.Rd6 Qh5 27.Be3 h6 28.b5 
Nh7 29.bxc6 bxc6 30.Rxc6 Ng5 31.Bxg5 hxg5 32.Rd6 g4 33.h4 g5 34.Qe6 gxh4 
35.Qh6+ Qxh6 36.Rxh6+ Rh7 37.Rxh7+ Kxh7 38.c6 Nb8 39.c7 Na6 40.Rc1 Rc8 41.
Rc6 Nb4 42.Rc4 h3 43.Rxb4 Rxc7 44.Bf1 Rc1 45.Rb5 h2+ 46.Kxh2 Rxf1 47.Kg2 
Re1 48.Rxe5 Kg6 49.f4 gxf3+ 50.Kxf3 Rf1+ 51.Kg4 Re1 52.Rg5+ Kf6 53.e5+ Ke6
54.Kh5 Kf7 55.Rf5+ Kg7 56.g4 Rh1+ 57.Kg5 Re1 58.Kf4 Rf1+ 59.Ke4 Rg1 60.Rf4
Re1+ 61.Kf5 Ra1 62.Rd4 Rf1+ 63.Ke6 Re1 64.Kd6 Kf7 65.Rf4+ Kg6 66.e6 Rd1+ 
67.Ke7 Re1 68.Kd7 Rd1+ 69.Ke8 Re1 70.e7 Kg7 71.Rd4 Ra1 72.Kd7 Ra7+ 73.Ke6 
Ra6+ 74.Rd6 Ra8 75.Rd8 Ra6+ 76.Kf5 Ra5+ 77.Kf4 Ra4+ 78.Kg5 Ra5+ 79.Kh4 1-0

[Event "POL-chT3"]
[Site "Jastrzebia Gora POL"]
[Date "2016.09.08"]
[Round "6.73"]
[White "Kumala, Aleksander"]
[Black "Lisowski, Krzysztof"]
[Result "1-0"]
[WhiteElo "2211"]
[BlackElo "2106"]
[EventDate "2016.09.02"]

1.e4 g6 2.h4 d5 3.e5 Bg7 4.d4 c5 5.c3 Nc6 6.h5 cxd4 7.cxd4 Qb6 8.h6 Bf8 9.
Ne2 f6 10.Nbc3 e6 11.exf6 Nxf6 12.Bf4 Be7 13.g3 O-O 14.Bg2 Bd7 15.O-O Nh5 
16.Be3 Bd6 17.Rc1 Na5 18.b3 Rac8 19.Qd3 a6 20.Bh3 Ba3 21.Nxd5 exd5 22.Bxd7
Bxc1 23.Bxc1 Rcd8 24.Bh3 Nc6 25.Bg5 Rde8 26.Bg2 Nb4 27.Qd2 Qd6 28.Nc3 Rf5 
29.g4 Rxg5 30.Qxg5 Nf4 31.a3 Rc8 32.axb4 Rxc3 33.Re1 Rxb3 34.Re8+ Kf7 35.
Rd8 Rb1+ 36.Kh2 Qc7 37.Rh8 Ne6+ 38.Qe5 Qxe5+ 39.dxe5 Nf8 40.Bxd5+ Ke7 41.
Rg8 Rxb4 42.Rg7+ Ke8 43.Kg3 g5 44.Bxb7 Ne6 45.Bd5 Nf4 46.Bc6+ Kf8 47.Rxg5 
Ne2+ 48.Kh4 Rb6 49.Rf5+ Ke7 50.Rf6 1-0

[Event "POL-chT3"]
[Site "Jastrzebia Gora POL"]
[Date "2016.09.08"]
[Round "6.74"]
[White "Migala, Andrzej"]
[Black "Kasperek, Ryszard"]
[Result "1-0"]
[WhiteElo "2014"]
[BlackElo "2160"]
[EventDate "2016.09.02"]

1.e4 c5 2.Nf3 Nc6 3.d4 cxd4 4.Nxd4 d5 5.Bb5 dxe4 6.Nxc6 Qxd1+ 7.Kxd1 a6 8.
Ba4 Bd7 9.Nc3 Bxc6 10.Bxc6+ bxc6 11.Nxe4 e5 12.c3 f5 13.Nd2 Bd6 14.Nc4 Bc7
15.Kc2 Nf6 16.Re1 e4 17.Bg5 O-O 18.Bxf6 Rxf6 19.h3 Rg6 20.g3 Rh6 21.h4 Re8
22.Rad1 Re7 23.f4 Rg6 24.Rg1 Rge6 25.Ne3 Rf6 26.Rg2 Kf7 27.b4 Ke6 28.c4 h6
29.h5 g5 30.hxg6 Rxg6 31.g4 Kf6 32.Nxf5 Re8 33.Nd6 Re7 34.c5 a5 35.a3 axb4
36.axb4 e3 37.Kd3 Rg8 38.Rh1 Kg6 39.Rxh6+ Kxh6 40.Nf5+ 1-0

[Event "POL-chT3"]
[Site "Jastrzebia Gora POL"]
[Date "2016.09.08"]
[Round "6.76"]
[White "Kupryjaniuk, Tomasz"]
[Black "Kanarkiewicz, Michal"]
[Result "1/2-1/2"]
[WhiteElo "1819"]
[BlackElo "2016"]
[EventDate "2016.09.02"]

1.e4 Nf6 2.e5 Nd5 3.c4 Nb6 4.d4 d6 5.exd6 exd6 6.Nc3 Be7 7.Bd3 Nc6 8.Be3 
Bf6 9.Nge2 O-O 10.h3 Nb4 11.O-O Be6 12.b3 Nxd3 13.Qxd3 d5 14.c5 Nc8 15.Nf4
Ne7 16.Nxe6 fxe6 17.f4 Nf5 18.Bf2 Bh4 19.g3 Be7 20.Rae1 Qd7 21.Kh2 Rae8 
22.Ne2 Bd8 23.Ng1 Ne7 24.Nf3 Nc6 25.Re2 a6 26.a3 Bf6 27.g4 g5 28.fxg5 Bg7 
29.Rfe1 Rf4 30.Ne5 Nxe5 31.dxe5 Bxe5 32.Kg1 Bg7 33.Bg3 Rf7 34.g6 hxg6 35.
Qxg6 Rf6 36.Qg5 Qf7 37.Be5 Rg6 38.Qh5 Bxe5 39.Rxe5 Rf8 40.Qh4 Qf4 41.Rh5 
Qd4+ 42.Kh1 Qc3 43.b4 Rf3 44.Qd8+ Rf8 45.Qh4 Rf3 46.Kg2 Rf8 47.Kh1 Rf3 
1/2-1/2

[Event "POL-chT3"]
[Site "Jastrzebia Gora POL"]
[Date "2016.09.08"]
[Round "6.77"]
[White "Zurkowski, Andrzej"]
[Black "Orlowski, Miroslaw"]
[Result "1-0"]
[WhiteElo "2073"]
[BlackElo "1437"]
[EventDate "2016.09.02"]

1.b3 Nc6 2.e3 e5 3.Bb2 d6 4.d4 Bf5 5.Bb5 Bd7 6.dxe5 Nxe5 7.Bxd7+ Nxd7 8.
Nf3 Ngf6 9.c4 Be7 10.Nc3 c6 11.g4 Nc5 12.g5 Nfd7 13.b4 Ne6 14.Ne4 Qc7 15.
Nd4 d5 16.Nxe6 fxe6 17.Bxg7 O-O-O 18.Bxh8 Rxh8 19.cxd5 exd5 20.Qd4 Rf8 21.
Nc3 Kb8 22.f4 Re8 23.Rc1 Qb6 24.Qxb6 Nxb6 25.Kf2 Bxb4 26.Rhe1 Nd7 27.Re2 
Nc5 28.Kf3 Bxc3 29.Rxc3 Ne4 30.Rb3 Rf8 31.h4 Rg8 32.f5 Kc7 33.Kf4 b6 34.
Rg2 Kd6 35.h5 Ke7 36.h6 Kf7 37.Rb1 Nc5 38.Ke5 Ne4 39.g6+ hxg6 40.fxg6+ 
Rxg6 41.Rf1+ 1-0

[Event "POL-chT3"]
[Site "Jastrzebia Gora POL"]
[Date "2016.09.08"]
[Round "6.78"]
[White "Kindler, Karolina"]
[Black "Murawko, Katarzyna"]
[Result "0-1"]
[WhiteElo "1717"]
[BlackElo "2031"]
[EventDate "2016.09.02"]

1.Nf3 c5 2.b3 Nf6 3.Bb2 e6 4.e3 d5 5.d4 Nbd7 6.Bd3 Bd6 7.Nbd2 O-O 8.O-O a6
9.a4 b6 10.Ne5 Qc7 11.f4 Bb7 12.Ndf3 Rad8 13.g4 Ne4 14.Qe1 f6 15.Nxd7 Rxd7
16.Qe2 Qc8 17.g5 Rc7 18.c4 b5 19.cxb5 c4 20.bxc4 dxc4 21.Bc2 axb5 22.axb5 
e5 23.Bxe4 Bxe4 24.Ne1 exf4 25.exf4 Re7 26.Qh5 fxg5 27.fxg5 Rxf1+ 28.Kxf1 
Qf5+ 29.Kg1 Qxb5 30.Bc3 Qb3 31.Qh3 Qb5 32.Qg4 Qc6 33.h4 Rf7 34.Qe6 Bd5 35.
Qh3 Be6 36.Qg2 Bd5 37.Qh3 Qe8 38.Ra2 Bf4 39.Ng2 Bd6 40.Rf2 Rb7 41.Rb2 Rxb2
42.Bxb2 Qe2 43.Bc3 Bf3 44.Qc8+ Bf8 45.Qh3 Bxg2 46.Qxg2 Qe3+ 47.Kh1 Qxc3 
48.Qd5+ Kh8 49.Qf7 Qe1+ 50.Kg2 Qe2+ 51.Kg1 Qg4+ 52.Kf1 Qc8 53.h5 c3 54.h6 
c2 0-1

[Event "POL-chT3"]
[Site "Jastrzebia Gora POL"]
[Date "2016.09.08"]
[Round "6.79"]
[White "Paprocki, Jaroslaw"]
[Black "Markiewicz, Jerzy"]
[Result "1/2-1/2"]
[WhiteElo "2195"]
[BlackElo "2237"]
[EventDate "2016.09.02"]

1.e4 c5 2.Nf3 e6 3.Nc3 a6 4.d4 cxd4 5.Nxd4 Qc7 6.g3 Nc6 7.Nde2 Nf6 8.Bg2 
Bc5 9.h3 h5 10.Bf4 Ne5 11.O-O d6 12.Na4 Ba7 13.c4 Bd7 14.Rc1 Bxa4 15.Qxa4+
Qc6 16.Qxc6+ bxc6 17.Rfd1 Bc5 18.a3 a5 19.b4 axb4 20.axb4 Bxb4 21.c5 Ke7 
22.cxd6+ Bxd6 23.Rxd6 Kxd6 24.Rd1+ Nd5 25.exd5 cxd5 26.Nd4 f6 27.Nf3 Ra4 
28.Re1 Rxf4 29.Nxe5 fxe5 30.gxf4 exf4 31.h4 g5 32.hxg5 Rg8 33.Bf3 Rxg5+ 
34.Kh2 Rg7 35.Kh3 Re7 36.Bxh5 e5 37.Kg4 Ke6 38.Rd1 Rg7+ 39.Kf3 Ra7 40.Bg4+
Kd6 41.Bf5 Ra4 42.Bc8 Rb4 43.Kg4 Rb8 44.Ba6 Ke6 45.Rc1 Rg8+ 46.Kf3 Kf5 47.
Bc8+ Kf6 48.Rc5 Rd8 49.Bb7 Ke6 50.Bc6 Rd6 51.Ba8 Rd8 52.Bb7 e4+ 53.Kxf4 
Rf8+ 54.Ke3 Rf3+ 55.Ke2 Rd3 56.Ba6 Ra3 57.Bb7 Rd3 58.Rc8 Ke5 59.Re8+ Kf4 
60.Re6 Rd4 61.Bc6 Rd3 62.Rh6 Ke5 63.Bd7 Ra3 64.Rh5+ Kd4 65.Bc6 Ra5 66.Rh8 
Rc5 67.Ba4 Rc4 68.Bd1 Rb4 69.Kd2 Rb2+ 70.Bc2 Ra2 71.Rb8 Ra3 72.Bb3 Ra5 73.
Rb4+ Ke5 74.Rb8 Kd4 75.Rc8 Rb5 76.Rc3 Ra5 77.Rg3 Rb5 78.Rh3 Rb8 79.Bc2 Rf8
80.Ke2 Rc8 81.Bb1 Rb8 82.Bc2 Rc8 83.Bd1 Ra8 84.Bb3 Rb8 85.Re3 Rf8 86.Ba4 
Ra8 87.Ra3 Ra5 88.Ra2 Rc5 89.Bb3 Rb5 90.Ra4+ Ke5 91.Bd1 Rb2+ 92.Ke3 Rb5 
93.Rd4 Rc5 94.Ra4 Rc3+ 95.Kd2 Rc5 96.Rb4 Ra5 97.Bb3 Rc5 98.Rb8 Kd4 99.Re8 
Rb5 100.Bc2 Rc5 101.Rh8 Rc7 102.Rh4 Rc3 103.Bd1 Rd3+ 104.Ke2 1/2-1/2